[Event "Madrid 2022-2023 ch - Previa A"]
[Site "Madrid ESP"]
[Date "2023.02.22"]
[Round "9.33"]
[White "Reina Cascos, Antonio"]
[Black "Gomez Prieto, Alonso"]
[Result "1-0"]
[WhiteElo "1179"]
[BlackElo "1308"]
[PlyCount "49"]
[EventDate "2023.02.06"]
[EventType "swiss"]
[EventRounds "9"]
[EventCountry "ESP"]
[SourceTitle "Ajedrez en Madrid"]
[Source "lmi"]
[SourceDate "2023.02.06"]
[SourceVersion "1"]
[SourceVersionDate "2023.03.03"]
[SourceQuality "1"]

1. d4 Nf6 2. Nf3 d5 3. e3 Bf5 4. Bd3 Bxd3 5. Qxd3 Nc6 6. c3 e6 7. O-O Bd6 8.
Nbd2 h5 9. e4 dxe4 10. Nxe4 Nxe4 11. Qxe4 Qd7 12. Re1 O-O-O 13. b4 h4 14. Bg5
Be7 15. Bxh4 Bxh4 16. Nxh4 f5 17. Qf4 Ne7 18. Nf3 Nd5 19. Qd2 Rh5 20. c4 Nf6
21. b5 Ne4 22. Qa5 Kb8 23. Red1 b6 24. Qa6 g5 25. Ne5 1-0